LEADER 00853nam a2200217 a 4500 001 991003201789707536 008 080122s2002 fr 000 | fre d 020 $a2869700652 035 $ab13647933-39ule_inst 040 $aDip.to Lingue$bita 100 1 $aConfiant, Raphaël$0443219 245 10$aMorne-Pichevin /$cRaphaël Confiant ; Traduit du créole (Martinique) par l'auteur 250 $aNouv. éd. définitive, traduite, rev. et augmentée par l'auteur 260 $aParis :$bBibliophane-Daniel Radford,$c2002 300 $a189 p. ;$c22 cm 907 $a.b13647933$b02-04-14$c22-01-08 912 $a991003201789707536 945 $aLE012 A 848.914 CON 3$g1$i2012000257122$lle012$o-$pE0.00$q-$rl$s- $t0$u0$v0$w0$x0$y.i14654040$z22-01-08 996 $aMorne-Pichevin$91213248 997 $aUNISALENTO 998 $ale012$b22-01-08$cm$da $e-$ffre$gfr $h0$i0 LEADER 01705oam 2200457M 450 001 9910716341903321 005 20200213070614.9 035 $a(CKB)5470000002520717 035 $a(OCoLC)1065978838 035 $a(OCoLC)995470000002520717 035 $a(EXLCZ)995470000002520717 100 $a20071213d1925 ua 0 101 0 $aeng 135 $aurcn||||||||| 181 $ctxt$2rdacontent 182 $cc$2rdamedia 183 $acr$2rdacarrier 200 10$aFor the relief of Commander Charles James Anderson. December 19, 1925. -- Committed to the Committee of the Whole House and ordered to be printed 210 1$a[Washington, D.C.] :$c[U.S. Government Printing Office],$d1925. 215 $a1 online resource (6 pages) 225 1 $aHouse report / 69th Congress, 1st session. House ;$vno. 23 225 1 $a[United States congressional serial set ] ;$v[serial no. 8531] 300 $aBatch processed record: Metadata reviewed, not verified. Some fields updated by batch processes. 300 $aFDLP item number not assigned. 606 $aClaims 606 $aDisabled veterans 606 $aNavies$xOfficers 608 $aLegislative materials.$2lcgft 615 0$aClaims. 615 0$aDisabled veterans. 615 0$aNavies$xOfficers. 701 $aButler$b Thomas S$g(Thomas Stalker),$f1855-1928$pRepublican (PA)$01386842 801 0$bWYU 801 1$bWYU 801 2$bOCLCO 801 2$bOCLCQ 801 2$bOCLCO 906 $aBOOK 912 $a9910716341903321 996 $aFor the relief of Commander Charles James Anderson. December 19, 1925. -- Committed to the Committee of the Whole House and ordered to be printed$93514401 997 $aUNINA